Shanghai / Hongkong, villes de cinéma (notice n° 1949041)
[ vue normale ]
| 000 -LEADER | |
|---|---|
| fixed length control field | 01462cam a2200133 4500500 |
| 005 - DATE AND TIME OF LATEST TRANSACTION | |
| control field | 20260329031716.0 |
| 041 ## - LANGUAGE CODE | |
| Language code of text/sound track or separate title | fre |
| 042 ## - AUTHENTICATION CODE | |
| Authentication code | dc |
| 100 10 - MAIN ENTRY--PERSONAL NAME | |
| Personal name | Falin, Christophe |
| Relator term | author |
| 245 00 - TITLE STATEMENT | |
| Title | Shanghai / Hongkong, villes de cinéma |
| 260 ## - PUBLICATION, DISTRIBUTION, ETC. | |
| Name of publisher, distributor, etc. | Armand Colin,<br/> |
| Date of publication, distribution, etc. | 2014.<br/> |
| 520 ## - SUMMARY, ETC. | |
| Summary, etc. | Villes-cinéma, ciné-cités, Shanghai et Hong Kong cristallisent réalités et fantasmes des cinéastes et des spectateurs. Emblèmes de la modernité urbaine chinoise, du colonialisme et des excès du capitalisme, repères de criminels, cœur du trafic d’opium, du jeu et de la prostitution, depuis les années 1930 jusqu’à aujourd’hui, elles n’ont cessé de fasciner les artistes et les intellectuels, chinois et occidentaux.Successivement centres de l’industrie du cinéma chinois, ces villes, leur identité, leur histoire, sont aussi devenues source de création cinématographique et objets filmiques à part entière.Cet ouvrage, s’appuyant sur un large corpus de films, fait découvrir Shanghai et Hong Kong, mais aussi la société et le cinéma chinois à travers les multiples rapports qui unissent les deux villes et les œuvres qu’elles ont inspirées. Il restitue l’extrême richesse d’un cinéma en constante évolution, reflet passionnant des traditions et des mutations culturelles et politiques de la Chine. |
| 856 41 - ELECTRONIC LOCATION AND ACCESS | |
| Uniform Resource Identifier | <a href="https://shs.cairn.info/shanghai-hongkong-villes-de-cinema--9782200275112?lang=fr&redirect-ssocas=7080">https://shs.cairn.info/shanghai-hongkong-villes-de-cinema--9782200275112?lang=fr&redirect-ssocas=7080</a> |
Pas d'exemplaire disponible.




Réseaux sociaux